000
00271nam a2200109Ia 4500
008
190914s9999||||xx |||||||||||||| ||und||
100
_a
Frank S Pepper
245
0
_a
Contemporary Biographical Quotations
260
_a
New york
_b
Prentice
_c
2006
300
_a
267
942
_c
BK
999
_c
8707
_d
8707